| 000 | 00747nam a2200253Ia 4500 | ||
|---|---|---|---|
| 003 | OSt | ||
| 005 | 20220930201732.0 | ||
| 006 | a|||||r|||| 00| 0 | ||
| 007 | ta | ||
| 008 | 220926b |||||||| |||| 00| 0 hin d | ||
| 024 | _a79571 | ||
| 037 | _cDissertations | ||
| 040 |
_aCRL _cCRL _bhin |
||
| 041 |
_2hin _ahin |
||
| 100 | _aNeelam | ||
| 110 | _aUniversity of Delhi. Faculty of Arts. Department of Hindi | ||
| 245 | 0 | _aKab tak pukaroon mein janjatiye chetna | |
| 260 | _c2003 | ||
| 650 |
_aHINDI LITERATURE _923866 |
||
| 700 |
_a Dr Surender Nath Singh Gu. _9535216 |
||
| 700 | _aUniversity of Delhi. Faculty of Arts. Department of Hindi | ||
| 942 |
_cDIS _2CC |
||
| 999 |
_c902319 _d902319 |
||